00473nam a2200145 i 4500001000300000100002900003245007600032250002400108260002100132700001900153040000800172041000800180008004100188856009800229bg1 aMALINOWSKI, Krzysztof W. 0aKomputer - maszyna incognito /cKrzysztof W. Malinowski, Antoni Wolski. aWyd.2 popr. i uzup. aWarszawa,c1976.1 aWOLSKI, Antoni cBPK apol s pl f |000 0 pol  uhttp://koha.tu.koszalin.pl/cgi-bin/koha/opac-detail.pl?biblionumber=26892yKatalog online BPK